000 00644naa a2200205 a 4500
001 82430
003 BD-RjUL
005 20231210104148.0
008 231210s19641936|||||||| |||| 00| 0 per d
035 _a(BD-RjUL)82430
040 _aBD-RjUL
_beng
_cBD-RjUL
041 _aper
082 _223
_a891.551
_bIQM 1964
245 1 0 _a مثنوی پس چہ باید کرداے اقوام شرق ;; /
_cعلامہ اقبال ;; Allama Iqbal
250 _a5th.ed.
260 _aلاہور :
_bشیخ غلام علی اینڈ سنز ایجوکیشنل پبلیشرز,
_c1964
300 _a71 p. ;
_c17 cm
650 _aPersian Poetry
942 _2ddc
_cBK
999 _c82430
_d82430